| 000 | 00642nam a2200253Ia 4500 | ||
|---|---|---|---|
| 003 | OSt | ||
| 005 | 20220918221235.0 | ||
| 006 | a|||||r|||| 00| 0 | ||
| 007 | ta | ||
| 008 | 220917b |||||||| |||| 00| 0 eng d | ||
| 024 | _a148,912 | ||
| 037 | _cTextual | ||
| 040 |
_aARTS _cARTS _beng |
||
| 041 |
_2eng _aeng |
||
| 082 | _aT, L3 | ||
| 100 |
_aBreese James _9139686 |
||
| 245 | 0 | _aFreedom and Choice in education | |
| 260 |
_aLondon _bHutchinson UK _c1973 |
||
| 300 |
_a94p _ccm. |
||
| 490 | _aProblems and perspectives | ||
| 650 | _aEDUCATION | ||
| 942 |
_hT, L3 _cTEXL _2CC |
||
| 999 |
_c271587 _d271587 |
||